Nemoc bezmocných: lehká mentální retardace analýza inteligenčního testu SON-R / Simona Pekárková ... [et al.]
Record details
- ISBN: 978-80-87456-05-7
- Physical Description: 135 s.
- Publisher: [Praha] : Člověk v tísni, [2011?]
Content descriptions
| General Note: | Název z titulní obrazovky "Analýza se zaměřuje na zhodnocení kulturní nezatíženosti testu ve vztahu k romským sociálně vyloučeným dětem" |
Search for related items by subject
| Subject: | testy inteligence SON-R (test inteligence) mentální retardace romské děti intelligence tests SON-R (intelligence test) mental retardation Romani children |
| Genre: | kolektivní monografie collective monographs |
Available copies
- 1 of 1 copy available at Common Catalog SPOK.
Holds
- 0 current holds with 1 total copy.
Show All Copies
| Location | Call Number / Copy Notes | Barcode | Shelving Location | Status | Due Date |
|---|---|---|---|---|---|
| Varianty | IKV Ne | 4605401656 | Šafaříkova 17 - 5. patro, IKV | Available | - |
| LDR | 01958nam a2200505 a 4500 | ||
|---|---|---|---|
| 001 | 32082 | ||
| 003 | CZ-PrJAB | ||
| 005 | 20190615062909.0 | ||
| 006 | m d | ||
| 007 | co cg | ||
| 008 | 110127 2011 xr a f 000 0 cze | ||
| 015 | . | ‡acnb002163363 | |
| 020 | . | ‡a978-80-87456-05-7 | |
| 035 | . | ‡a(CZ PrSKC)nkc20112163363 | |
| 040 | . | ‡aABA001 ‡bcze | |
| 072 | 7. | ‡a159.95 ‡xVyšší duševní procesy ‡2Konspekt ‡917 | |
| 080 | . | ‡a159.956.2.072 ‡2MRF | |
| 080 | . | ‡a616.899 ‡2MRF | |
| 080 | . | ‡a(=214.58)-053.2 ‡2MRF | |
| 080 | . | ‡a(048.8:082) ‡2MRF | |
| 080 | . | ‡a(0.034.44) ‡2MRF | |
| 245 | 0 | 0. | ‡aNemoc bezmocných: lehká mentální retardace ‡banalýza inteligenčního testu SON-R / ‡cSimona Pekárková ... [et al.] |
| 246 | 1 | . | ‡iNázev na disku: ‡aKvalitativní analýza inteligenčního testu SON-R |
| 246 | 3 | 0. | ‡aAnalýza inteligenčního testu SON-R |
| 260 | . | ‡a[Praha] : ‡bČlověk v tísni, ‡c[2011?] | |
| 300 | . | ‡a135 s. | |
| 500 | . | ‡aNázev z titulní obrazovky | |
| 500 | . | ‡a"Analýza se zaměřuje na zhodnocení kulturní nezatíženosti testu ve vztahu k romským sociálně vyloučeným dětem" | |
| 650 | 0 | 7. | ‡atesty inteligence ‡7ph640372 ‡2czenas |
| 650 | 0 | 7. | ‡aSON-R (test inteligence) ‡7ph690102 ‡2czenas |
| 650 | 0 | 7. | ‡amentální retardace ‡7ph122758 ‡2czenas |
| 650 | 0 | 7. | ‡aromské děti ‡7ph125208 ‡2czenas |
| 650 | 0 | 9. | ‡aintelligence tests ‡2eczenas |
| 650 | 0 | 9. | ‡aSON-R (intelligence test) ‡2eczenas |
| 650 | 0 | 9. | ‡amental retardation ‡2eczenas |
| 650 | 0 | 9. | ‡aRomani children ‡2eczenas |
| 655 | 7. | ‡akolektivní monografie ‡7fd501537 ‡2czenas | |
| 655 | 9. | ‡acollective monographs ‡2eczenas | |
| 700 | 1 | . | ‡aPekárková, Simona ‡7mzk2012684104 ‡4aut |
| 910 | . | ‡aABH006 | |
| 901 | . | ‡a32082 ‡b ‡c32082 ‡tbiblio | |